Human Resource Analytics (Record no. 12540)

MARC details
000 -LEADER
fixed length control field 00361nam a22001577a 4500
003 - CONTROL NUMBER IDENTIFIER
control field OSt
008 - FIXED-LENGTH DATA ELEMENTS--GENERAL INFORMATION
fixed length control field 240422b |||||||| |||| 00| 0 eng d
020 ## - INTERNATIONAL STANDARD BOOK NUMBER
International Standard Book Number 9789353505295
082 ## - DEWEY DECIMAL CLASSIFICATION NUMBER
Classification number 658.3 DHH
100 ## - MAIN ENTRY--PERSONAL NAME
Personal name DHIR,Swati
245 ## - TITLE STATEMENT
Title Human Resource Analytics
260 ## - PUBLICATION, DISTRIBUTION, ETC. (IMPRINT)
Place of publication, distribution, etc New Delhi
Name of publisher, distributor, etc Cangage
Date of publication, distribution, etc 2024
300 ## - PHYSICAL DESCRIPTION
Extent 340
700 ## - ADDED ENTRY--PERSONAL NAME
Personal name PAL,Suparna
942 ## - ADDED ENTRY ELEMENTS (KOHA)
Source of classification or shelving scheme Dewey Decimal Classification
Koha item type Text Books
Holdings
Withdrawn status Lost status Source of classification or shelving scheme Damaged status Not for loan Collection code Home library Current library Date acquired Source of acquisition Currency Cost, normal purchase price Bill Number Total Checkouts Full call number Acc. no. / Barcode Date last seen Actual Cost, discounted price Bill Date Koha item type Date last borrowed
    Dewey Decimal Classification     BBA PIET C-LIBRARY PIET C-LIBRARY 23/03/2024 Zafaa Books and Distributors In rupees 499.00 ZBD0471   658.3 DHH 36066 22/04/2024 359.28 23/03/2024 Reference Books  
    Dewey Decimal Classification     BBA PIET C-LIBRARY PIET C-LIBRARY 23/03/2024 Zafaa Books and Distributors In rupees 499.00 ZBD0471   658.3 DHH 36067 22/04/2024 359.28 23/03/2024 Text Books  
    Dewey Decimal Classification     BBA PIET C-LIBRARY PIET C-LIBRARY 23/03/2024 Zafaa Books and Distributors In rupees 499.00 ZBD0471 1 658.3 DHH 36068 04/10/2025 359.28 23/03/2024 Text Books 18/08/2025
    Dewey Decimal Classification     BBA PIET C-LIBRARY PIET C-LIBRARY 23/03/2024 Zafaa Books and Distributors In rupees 499.00 ZBD0471 1 658.3 DHH 36069 20/11/2025 359.28 23/03/2024 Text Books 04/11/2025
    Dewey Decimal Classification     BBA PIET C-LIBRARY PIET C-LIBRARY 23/03/2024 Zafaa Books and Distributors In rupees 499.00 ZBD0471   658.3 DHH 36070 22/04/2024 359.28 23/03/2024 Text Books  

Design & Developed by: PIET Central Library
R70 Miles Stone Pattikalyana Samalkha Panipat 132102
mail ID :- [email protected], Phone No:- 0180-2569700 Ex.216